| 000 | 01051nam a22003257a 4500 | ||
|---|---|---|---|
| 003 | CHAP | ||
| 005 | 20220329143527.0 | ||
| 008 | 100408s1981 es a r 00010 spa d | ||
| 010 | _a98036 | ||
| 011 | _a99008 | ||
| 035 | _a109693 | ||
| 040 | _cCHAP | ||
| 082 | 0 | 4 |
_a615.321 _bB43 |
| 100 | 1 |
_aBennison, John _911627 |
|
| 245 | 1 | 0 |
_aRemedios caseros naturistas _c/por John Bennison |
| 260 |
_aBarcelona : _bRamos-Mojos, _c1981 |
||
| 300 |
_a174 p. : _bilus. |
||
| 490 | 0 | _aColección de naturismo | |
| 590 |
_aBATCH-UPD _b10 _c20130110 _lUCH01 _h1137 |
||
| 590 |
_aBATCH-UPD _b10 _c20130410 _lUCH01 _h0724 |
||
| 590 |
_aBATCH-UPD _b10 _c20130914 _lUCH01 _h0604 |
||
| 590 |
_aCONVERSION _b10 _c20130109 _lUCH01 _h1354 |
||
| 650 | 1 | 4 |
_aBotánica médica. _914680 |
| 650 | 1 | 4 |
_aNaturalistas. _980415 |
| 830 | 0 |
_aColección de naturismo _924806 |
|
| 901 | _aBK | ||
| 942 | _cLIBRO | ||
| 949 |
_a615.321 B43 _bBC _cLIBRO _d33724002165611 _eLIBRO _h112225 _i109693 _sb |
||
| 949 |
_a615.321 B43 _bBC _cLIBRO _d33724002231595 _eLIBRO _fc.2 _gDonaciØn _h114173 _i109693 _sb |
||
| 999 |
_c98036 _d98036 |
||